जनसंचारःपरंपरा और प्रयोग / (Record no. 48572)
[ view plain ]
| 000 -LEADER | |
|---|---|
| fixed length control field | 01433nam a22002657a 4500 |
| 005 - DATE AND TIME OF LATEST TRANSACTION | |
| control field | 20090316110612.0 |
| 008 - FIXED-LENGTH DATA ELEMENTS--GENERAL INFORMATION | |
| fixed length control field | 090316t xxu||||| |||| 00| 0 hin d |
| 010 ## - LCCN (DPL NO) | |
| LC control number | HIN-90956 |
| 020 ## - INTERNATIONAL STANDARD BOOK NUMBER | |
| Terms of availability | 450.00 |
| International Standard Book Number | 9788188567553 |
| 035 ## - SYSTEM CONTROL NUMBER | |
| System control number | HN-63302 |
| 037 ## - SOURCE OF ACQUISITION | |
| Source of stock number/acquisition | DBAD / PUB |
| 040 ## - CATALOGING SOURCE | |
| Original cataloging agency | DPL |
| Language of cataloging | HN |
| 082 ## - DEWEY DECIMAL CLASSIFICATION NUMBER | |
| Classification number | 302.2 |
| 100 ## - MAIN ENTRY--PERSONAL NAME | |
| 9 (RLIN) | 24114 |
| Personal name | मुहम्मद शाहिद हुसैन |
| 245 ## - TITLE STATEMENT | |
| Title | जनसंचारःपरंपरा और प्रयोग / |
| Statement of responsibility, etc | मुहम्मद शाहिद हुसैन ; ओमप्रकाश सिंह एवं ज़फ़रूल्लाह अंसारी द्वारा अनुदित |
| 246 ## - VARYING FORM OF TITLE | |
| Title proper/short title | Jansanchar Parampara aur prayog |
| Remainder of title | by Mohammad Shahid Husain |
| 260 ## - PUBLICATION, DISTRIBUTION, ETC. (IMPRINT) | |
| Place of publication, distribution, etc | दिल्ली |
| Name of publisher, distributor, etc | ग्रंथलोक |
| Date of publication, distribution, etc | 2010 |
| 270 ## - ADDRESS | |
| Address | 1/7342, नेहरू मार्ग, ईस्ट गोरख पार्क, शाहदरा |
| City | दिल्ली |
| Postal code | 110032 |
| Telephone number | 32046038 |
| 300 ## - PHYSICAL DESCRIPTION | |
| Extent | 279 पृ |
| Dimensions | 22सेमी (सजिल्द) |
| 650 ## - SUBJECT ADDED ENTRY--TOPICAL TERM | |
| 9 (RLIN) | 1169 |
| 700 ## - ADDED ENTRY--PERSONAL NAME | |
| 9 (RLIN) | 24212 |
| Personal name | ओमप्रकाश सिंह |
| 700 ## - ADDED ENTRY--PERSONAL NAME | |
| Personal name | अंसारी, ज़फ़रूल्लाह |
| 9 (RLIN) | 24219 |
| 942 ## - ADDED ENTRY ELEMENTS (KOHA) | |
| Source of classification or shelving scheme | Dewey Decimal Classification |
| Item type | Hindi Books |
| Call number suffix | मुहम्म |
| Classification part | 302.2 |
| Withdrawn status | Lost status | Source of classification or shelving scheme | Damaged status | Not for loan | Collection code | Home library | Current library | Date acquired | Source of acquisition | Cost, normal purchase price | Total Checkouts | Full call number | Barcode | Date last seen | Copy number | Cost, replacement price | Koha item type |
|---|---|---|---|---|---|---|---|---|---|---|---|---|---|---|---|---|---|
| Dewey Decimal Classification | Not For Loan | Non-fiction | D.B.Act.Division | D.B.Act.Division | 10/11/2010 | DBAD /PUB | 450.00 | 302.2 मुहम्म | HN-63302 | 10/11/2010 | 1 | 450.00 | Hindi Books |
